| 000 | 00996nam a2200289Ia 4500 | ||
|---|---|---|---|
| 003 | OSt | ||
| 005 | 20221007123334.0 | ||
| 006 | a|||||r|||| 00| 0 | ||
| 007 | ta | ||
| 008 | 221006b |||||||| |||| 00| 0 eng d | ||
| 020 |
_a8122405266 (pbk) _cRs.195.00 |
||
| 024 | _a8616 | ||
| 037 |
_bN R Book, _cTextual |
||
| 040 |
_aPAPL _cPAPL _beng |
||
| 041 |
_2eng _aeng |
||
| 082 | _aCN1, N3 | ||
| 100 |
_aThankappan V K _9713684 |
||
| 245 | 0 | _aQuantum mechanics by V K Thankappan | |
| 250 | _aEd 2 | ||
| 260 |
_aNew _bDelhi New Age International (P)Limited Publishers _c1993 |
||
| 300 |
_axii,539p _ccm. |
||
| 500 | _aAppendix A-E, 472-529p; Index 531-539p; ^n23/CSL/CARPA/2001-2002/360^d2001-10-07^mPurchase; ; 2001-2002/209^b2001-10-19^c068/01^d2001-10-17^eRs.621.00^fN R Book Distributors; ; 2001-01-03^bSB^c2002-02-07^dRPS | ||
| 650 | _a Quantum Mechanics | ||
| 650 | _aPhysics | ||
| 942 |
_hCN1, N3 _cTEXL _2CC |
||
| 999 |
_c1211718 _d1211718 |
||